Former U.S Capitals - Statistics

General Stats
  • This quiz has been taken 136 times
  • The average score is 7 of 12
Answer Stats
Hint Answer % Correct
January 11, 1785 - December 5, 1790 New York City
97%
September 5, 1774 - December 19, 1776 Philadelphia
91%
March 4, 1777 - September 26, 1777 Philadelphia
91%
July 2, 1778 - June 29, 1783 Philadelphia
91%
December 6, 1790 - November 6, 1800 Philadelphia
91%
November 17, 1800 - Present Washington D.C
90%
December 20, 1776 - March 3, 1777 Baltimore
57%
November 1, 1784 - January 10, 1784 Trenton
45%
November 26, 1783 - August 31, 1784 Annapolis
30%
June 30, 1783 - November 25, 1783 Princeton
17%
September 28, 1777 - July 1, 1778 York
17%
September 27, 1777 Lancaster
13%
No matching quizzes found
Score Distribution
Percent of People with Each Score
Percentile by Number Answered
Your Score History
You have not taken this quiz